| 000 | 00783nam a22002777a 4500 | ||
|---|---|---|---|
| 001 | 0000982 | ||
| 003 | KOHA_MİRAKIL | ||
| 005 | 20260207001226.0 | ||
| 007 | ta | ||
| 008 | 081212b2007 tu |||gr||||#||||0|tur | | ||
| 020 |
_a9758986576 _cYTL18,355 |
||
| 040 |
_aTR-BiSEU _btur _cTR-BiSEU _erda |
||
| 041 | 0 | _atur | |
| 044 | _ctu | ||
| 050 |
_aQA641 _b.S25 2007 |
||
| 100 | 1 | _aSalimov, Arif. | |
| 245 | 1 |
_aDiferensiyel geometri/ _cArif Salimov ; Arif Salimov, Abdullah Mağden. |
|
| 264 | 1 |
_aİstanbul : _bAktif Yayınevi _c2007 |
|
| 300 | _a326 sayfa | ||
| 336 |
_ametin _btxt _2rdacontent |
||
| 337 |
_aaracısız _bn _2rdamedia |
||
| 338 |
_acilt _bnc _2rdacarrier |
||
| 650 | 0 |
_aGeometri, diferensiyel. _93695 |
|
| 650 | 0 |
_aGeometry, differential. _93696 |
|
| 942 |
_2lcc _cBK |
||
| 999 |
_c977 _d977 |
||